000 00354pam a2200157a 44500
008 230515b2009 xxu||||| |||| 00| 0 eng d
020 _aNULL
041 _aENGLISH
082 _a4.16
100 _aRAM B
245 _aFUNDAMENTALS OF MICROPROCESSOR & MICROCOMPUTERS
250 _a6
260 _a
_bNA
_c2009
300 _aXII/13.15
650 _aNULL
999 _c635945
_d635945